Geography by first two letters: AC - Statistics

General Stats
  • This quiz has been taken 61 times
  • The average score is 2 of 12
Answer Stats
Hint Answer % Correct
Capital of Ghana Accra
100%
National Park in Maine, USA Acadia
43%
27th Biggest City in Mexico in the state of Guerrero Acapulco
37%
Independent country up until 1903 in current Indonesia Aceh
28%
________ Empire was an alternate name for Persia or Iran Achaemenid
4%
Suburb of Naples, Italy Acerra
2%
Neighborhood of Rome Acilia
2%
84th Largest Town in Massachusetts and filming site of Fringe Acton
2%
2nd Biggest City in the Portugesa Acarigua
0%
Semi-Independent State in the Byzantine Empire from 1200s-1400s Achaea
0%
Suburb District of Harbin, China Acheng
0%
18th Largest City in Siberia, Russia Achinsk
0%
No matching quizzes found
Score Distribution
Percent of People with Each Score
Percentile by Number Answered
Your Score History
You have not taken this quiz